| 000 | 00588nam a22001577a 4500 | ||
|---|---|---|---|
| 999 |
_c15479 _d15479 |
||
| 003 | OSt | ||
| 008 | 180925b ||||| |||| 00| 0 eng d | ||
| 082 |
_a631.587 _bAKS/CO |
||
| 100 |
_aAkshaya K Pavithran _aHaritha Krishnan _93334 |
||
| 245 | _aComparitive evaluation of evapotranspiration parameters of okra in polyhouse for alternate growing media | ||
| 260 |
_aThavanur _bDepartment of irrigation and drainage engineering _c2018 |
||
| 300 |
_axii, 64 _eCD |
||
| 700 |
_aRema K.P (Guide) _93209 |
||
| 856 | _uhttps://drive.google.com/open?id=1kfgaz47dgzjsNLBOt6qBe7tBEuTYZGt_ | ||
| 942 | _cPR | ||